| 000 | 01140cab a22002055a 4500 | ||
|---|---|---|---|
| 001 | L145097 | ||
| 008 | 080714e20080627xxk f v 000 0 eng d | ||
| 035 | _a(Sirsi) u145097 | ||
| 041 | 0 | _aeng | |
| 100 | 1 | _aRoss, Jonathan | |
| 245 | 0 | 0 |
_aNot in one's backyard _bcase news |
| 260 | _c2008 | ||
| 490 | 0 |
_aProperty Week _v73(26) 27 June 2008, 85(1) |
|
| 520 | _aSee L144932 | ||
| 520 | _aDiscuss the case Tillotson, [2008] EWLands LP 56 2006, 06 June 2008. Turned around whether landlords of expensive houses could oppose the development of an exclusive estate. The Tillotsons were granted planning permission to build an additional house on the land of their current home. However, restrictive covenants limited building to just one house per land. The Tillotsons applied to the Lands Tribunal to reject the covenant as invalid or to amend it to allow the building of the extra house. Their application was rejected. The tribunal felt that the development could not be allowed as it would weaken the exclusivity of the area. | ||
| 590 | _aKA | ||
| 651 | 4 |
_aEngland and Wales _y1543- |
|
| 690 |
_aBoundary disputes _96221 |
||
| 942 | _n0 | ||
| 999 |
_c80694 _d80694 |
||